000 00870nam a2200277 a 4500
003 PILC
005 20160222154041.0
008 080905s19uu xx 00 eng d
020 _a047080954x
050 _aG 155
_b.W363 2006
100 _aWeaver, David.
245 _aTourism management /
_cDavid Weaver, Laura Lawton.
250 _a3rd edition.
260 _aMilton, Queensland :
_bJohn Wiley & Sons Australia, Ltd,
_c2006.
300 _a490 pages :
_c24 cm.
_billustrations ;
440 _aWiley Australia tourism series.
500 _aIncludes glossary, bibliographical references and index.
650 _aTourism.
650 _aTourism
_xAustralia
_xMarketing.
650 _aTourism
_xAustralia
_xManagement.
650 _aEcotourism
_xAustralia.
650 _aI. Lawton, Laura.
700 _aLawton, Laura.
942 _cBK
_2lcc
_kFOR
999 _c23170
_d23170